Normal view
MARC view
- Project Supervisor Col. Dr. Kunwar Faraz Ahmed Khan LEC Adnan Shujah
Entry Corporate Name
001 - CONTROL NUMBER
- control field: 122858
003 - CONTROL NUMBER IDENTIFIER
- control field: NUST
005 - DATE AND TIME OF LATEST TRANSACTION
- control field: 20240522154642.0
008 - FIXED-LENGTH DATA ELEMENTS
- fixed length control field: 240522|| aca||aabn | a|a d
040 ## - CATALOGING SOURCE
- Original cataloging agency: NUST
- Transcribing agency: NUST
110 ## - HEADING--CORPORATE NAME
- Corporate name or jurisdiction name as entry element: Project Supervisor Col. Dr. Kunwar Faraz Ahmed Khan LEC Adnan Shujah
670 ## - SOURCE DATA FOUND
- Source citation: Work cat.: (NUST): Fetma Asif 122857, PR-SOF-2320-Design and Development of an Autonomous Unmanned Hybrid Vehicle, 2023.
